000 00307 a2200157 4500
001 44345
020 _a8574883034
040 _cAnchieta - Aquarius
240 1 0 _a*O barco
_lpor
245 1 0 _a*O barco
300 _a
362 0 _a0
440 1 _aGirassol
650 4 _aLiteratura infantil
942 _cBK
999 _c44345
_d44345